<?xml version="1.0" encoding="UTF-8"?>
<record
    xmlns:xsi="http://www.w3.org/2001/XMLSchema-instance"
    xsi:schemaLocation="http://www.loc.gov/MARC21/slim http://www.loc.gov/standards/marcxml/schema/MARC21slim.xsd"
    xmlns="http://www.loc.gov/MARC21/slim">

  <leader>00829nam a2200241 a 4500</leader>
  <controlfield tag="001">BRCA_6633</controlfield>
  <controlfield tag="005">20190320205533.0</controlfield>
  <controlfield tag="008">101011s18460850nyuab#####---#000-0#eng-#</controlfield>
  <datafield tag="041" ind1=" " ind2=" ">
    <subfield code="a">eng</subfield>
  </datafield>
  <datafield tag="044" ind1=" " ind2=" ">
    <subfield code="a">nyu</subfield>
  </datafield>
  <datafield tag="050" ind1=" " ind2="4">
    <subfield code="a">DP162</subfield>
    <subfield code="b">.P74</subfield>
  </datafield>
  <datafield tag="100" ind1="1" ind2=" ">
    <subfield code="a">Prescott, William Hickling</subfield>
    <subfield code="d">1796-1859</subfield>
    <subfield code="9">8071</subfield>
  </datafield>
  <datafield tag="245" ind1="1" ind2="0">
    <subfield code="a">History of the reign of Ferdinand and Isabella, the Catholic</subfield>
    <subfield code="c">William H. Prescott.</subfield>
  </datafield>
  <datafield tag="260" ind1=" " ind2=" ">
    <subfield code="a">Nueva York</subfield>
    <subfield code="b">Harper</subfield>
    <subfield code="c">1846-1850</subfield>
  </datafield>
  <datafield tag="300" ind1=" " ind2=" ">
    <subfield code="a">3 v.</subfield>
    <subfield code="b">il., mapas, retratos</subfield>
    <subfield code="c">24 cm.</subfield>
  </datafield>
  <datafield tag="500" ind1=" " ind2=" ">
    <subfield code="a">Estado f&#xED;sico: v.3 encuadernaci&#xF3;n desprendida</subfield>
  </datafield>
  <datafield tag="500" ind1=" " ind2=" ">
    <subfield code="a">L124</subfield>
  </datafield>
  <datafield tag="600" ind1="1" ind2="4">
    <subfield code="a">Fernando V el cat&#xF3;lico, Rey de Espa&#xF1;a</subfield>
    <subfield code="d">1452-1516</subfield>
    <subfield code="9">16611</subfield>
  </datafield>
  <datafield tag="600" ind1="1" ind2="4">
    <subfield code="a">Isabel I la cat&#xF3;lica, Reina de Espa&#xF1;a</subfield>
    <subfield code="d">1451-1504</subfield>
    <subfield code="9">16612</subfield>
  </datafield>
  <datafield tag="651" ind1=" " ind2="4">
    <subfield code="a">Espa&#xF1;a</subfield>
    <subfield code="x">Historia</subfield>
    <subfield code="y">Fernando e Isabel, 1479-1516.</subfield>
    <subfield code="9">16613</subfield>
  </datafield>
  <datafield tag="902" ind1=" " ind2=" ">
    <subfield code="a">GFM</subfield>
  </datafield>
  <datafield tag="942" ind1=" " ind2=" ">
    <subfield code="2">lcc</subfield>
    <subfield code="c">B</subfield>
  </datafield>
  <datafield tag="999" ind1=" " ind2=" ">
    <subfield code="c">6317</subfield>
    <subfield code="d">6317</subfield>
  </datafield>
  <datafield tag="952" ind1=" " ind2=" ">
    <subfield code="0">0</subfield>
    <subfield code="1">0</subfield>
    <subfield code="4">0</subfield>
    <subfield code="7">0</subfield>
    <subfield code="a">BRCA</subfield>
    <subfield code="b">BRCA</subfield>
    <subfield code="d">2011-10-10</subfield>
    <subfield code="i">L124</subfield>
    <subfield code="l">0</subfield>
    <subfield code="o">DP162 .P74 (L124)</subfield>
    <subfield code="p">7081</subfield>
    <subfield code="r">2019-03-22 00:00:00</subfield>
    <subfield code="w">2019-03-22</subfield>
    <subfield code="y">B</subfield>
  </datafield>
</record>
